| Tag |
First Indicator |
Second Indicator |
Subfields |
| LEADER |
00000pam a2200000 a 4500 |
| 001 |
in00000086788 |
| 005 |
20151008062749.0 |
| 008 |
801106s1980 gau b 00010 engm |
| 010 |
|
|
|a 80082185
|
| 020 |
|
|
|a 0804206511 (pbk.) :
|c $3.45
|
| 035 |
|
|
|a (OCoLC)06982370
|
| 035 |
|
|
|9 AAK0890AM
|
| 040 |
|
|
|a DLC
|c DLC
|d m.c.
|d TXA
|d UtOrBLW
|
| 049 |
|
|
|a TXAM
|c [1196668]
|
| 050 |
0 |
0 |
|a BX4705 G786
|b B76
|
| 082 |
0 |
|
|a 261.8
|2 19
|
| 100 |
1 |
|
|a Brown, Robert McAfee,
|d 1920-2001.
|
| 245 |
1 |
0 |
|a Gustavo Gutierrez /
|c by Robert McAfee Brown.
|
| 264 |
|
1 |
|a Atlanta :
|b John Knox Press,
|c [1980]
|
| 264 |
|
4 |
|c ©1980
|
| 300 |
|
|
|a 89 pages ;
|c 19 cm.
|
| 336 |
|
|
|a text
|b txt
|2 rdacontent
|
| 337 |
|
|
|a unmediated
|b n
|2 rdamedia
|
| 338 |
|
|
|a volume
|b nc
|2 rdacarrier
|
| 490 |
1 |
|
|a Makers of contemporary theology
|
| 504 |
|
|
|a Bibliography: pages [80]-84.
|
| 600 |
1 |
0 |
|a Gutiérrez, Gustavo,
|d 1928-
|
| 830 |
|
0 |
|a Makers of contemporary theology.
|
| 999 |
|
|
|a MARS
|
| 999 |
f |
f |
|s 885a1795-f937-38d2-b245-be7865367c7b
|i b3abdd0e-4467-3c14-9560-af346d1b36e6
|t 0
|
| 952 |
f |
f |
|p normal
|a Texas A&M University
|b College Station
|c Sterling C. Evans Library
|d Evans: Library Stacks
|t 0
|e BX4705 G786 B76
|h Library of Congress classification
|i unmediated -- volume
|m A14805978239
|
| 998 |
f |
f |
|a BX4705 G786 B76
|t 0
|l Evans: Library Stacks
|